[Event "Reykjavik op"]
[Site "Reykjavik"]
[Date "2013.02.26"]
[Round "9"]
[White "Jablon, Stephen Eric"]
[Black "Hojgaard, Brandur"]
[Result "0-1"]
[WhiteElo "1896"]
[BlackElo "1734"]
[PlyCount "80"]
[EventDate "2013.02.19"]
[EventType "swiss"]
[EventRounds "10"]
[EventCountry "ISL"]
[SourceTitle "CBM 153 Extra"]
[Source "ChessBase"]
[SourceDate "2013.04.22"]
[SourceVersion "1"]
[SourceVersionDate "2013.04.22"]
[SourceQuality "1"]

1. d4 d5 2. Nf3 Nf6 3. c3 e6 4. Bf4 Bd6 5. Bxd6 cxd6 6. e3 0-0 7. Nbd2 Nc6 8. Bd3 b6 9. Rc1 Bb7 10. 0-0 Rc8 11. Bb1 Qd7 12. Qc2 Ba6 13. Rfd1 Nb4 14. Qb3 Nd3 15. Qa3 Bb5 16. Rc2 e5 17. Nf1 e4 18. Ne1 Qg4 19. Rcd2 Nxe1 20. Rxe1 Qd7 21. Ng3 h5 22. Bc2 h4 23. Ne2 h3 24. gxh3 g6 25. Bd1 Rcd8 26. Nf4 Kg7 27. Kh1 Rh8 28. Rg1 Rh6 29. Bg4 Nxg4 30. hxg4 Rdh8 31. f3 exf3 32. Rg3 Be2 33. Nxe2 Rxh2+ 34. Kg1 fxe2 35. Rxe2 Rxe2 36. Kf1 Rhh2 37. Qb3 Qe6 38. Qa4 Qe4 39. Qd1 Qh1+ 40. Rg1 Rhf2# 0-1

[Event "Prague op-B 12th"]
[Site "Prague"]
[Date "2013.??.??"]
[Round "1"]
[White "Nemcova, Karin"]
[Black "Jablon, Stephen Eric"]
[Result "1-0"]
[WhiteElo "1658"]
[BlackElo "1931"]
[PlyCount "63"]
[EventDate "2013.01.09"]
[EventType "swiss"]
[EventRounds "9"]
[EventCountry "CZE"]
[SourceTitle "CBM 152 Extra"]
[Source "ChessBase"]
[SourceDate "2013.02.25"]
[SourceVersion "1"]
[SourceVersionDate "2013.02.25"]
[SourceQuality "1"]

1. e4 c6 2. d4 d5 3. Nc3 dxe4 4. Nxe4 Bf5 5. Ng3 Bg6 6. Nf3 Nd7 7. Be2 Ngf6 8. 0-0 e6 9. Re1 Bd6 10. Bd2 Qc7 11. Rc1 0-0-0 12. c4 h5 13. Qa4 h4 14. Nf1 Kb8 15. Ba5 b6 16. Qb3 Ka8 17. Bd2 Ne4 18. Be3 Bf4 19. Bxf4 Qxf4 20. Qe3 Qc7 21. Red1 h3 22. g3 Ndf6 23. Ne5 Bh5 24. g4 c5 25. Bf3 Rxd4 26. Rxd4 Qxe5 27. Rxe4 Qxb2 28. Rxe6+ Kb8 29. Qf4+ Kc8 30. Rc6+ Kd7 31. Qd6+ Ke8 32. Rc8# 1-0

[Event "Litomysl op 14th"]
[Site "Litomysl"]
[Date "2012.12.26"]
[Round "1"]
[White "Jablon, Stephen Eric"]
[Black "Mejzlik, Ondrej"]
[Result "0-1"]
[WhiteElo "1931"]
[BlackElo "2233"]
[PlyCount "88"]
[EventDate "2012.12.26"]
[EventType "swiss"]
[EventRounds "9"]
[EventCountry "CZE"]
[SourceTitle "EXT 2014"]
[Source "ChessBase"]
[SourceDate "2013.11.20"]
[SourceVersion "1"]
[SourceVersionDate "2013.11.20"]
[SourceQuality "1"]

1. d4 d5 2. Nc3 c6 3. e4 dxe4 4. Nxe4 Nd7 5. Bg5 Ngf6 6. Bxf6 Nxf6 7. Nxf6+ exf6 8. Bc4 Bd6 9. Qe2+ Qe7 10. Qxe7+ Kxe7 11. 0-0-0 Be6 12. d5 cxd5 13. Bxd5 Rhd8 14. Ne2 Bc5 15. Bxb7 Rxd1+ 16. Rxd1 Rb8 17. Bf3 Bxf2 18. Nd4 Be3+ 19. Kb1 Bxd4 20. Rxd4 Rc8 21. c3 g5 22. Rb4 Rc7 23. Rb7 Rxb7 24. Bxb7 Kd6 25. Kc2 h5 26. a4 f5 27. b4 Bc4 28. Kd2 f4 29. Bf3 g4 30. Be2 Bd5 31. Bf1 h4 32. c4 Be4 33. Kc3 Ke5 34. c5 g3 35. hxg3 hxg3 36. Kc4 f3 37. gxf3 Bxf3 38. Kb5 Be2+ 39. Bxe2 g2 40. Ka6 g1Q 41. Kxa7 Qd4 42. Bb5 Qxb4 43. c6 Qa5+ 44. Kb7 Kd6 0-1

[Event "Gibraltar Challengers-B 10th"]
[Site "Caleta"]
[Date "2012.02.02"]
[Round "5"]
[White "Salomon, Johan"]
[Black "Jablon, Stephen Eric"]
[Result "1/2-1/2"]
[WhiteElo "2002"]
[BlackElo "1931"]
[PlyCount "80"]
[EventDate "2012.01.28"]
[EventType "swiss"]
[EventRounds "5"]
[EventCountry "GGB"]
[SourceTitle "CBM 146 Extra"]
[Source "ChessBase"]
[SourceDate "2012.02.29"]
[SourceVersion "1"]
[SourceVersionDate "2012.02.29"]
[SourceQuality "1"]

1. e4 e5 2. Nf3 Nf6 3. Nc3 Nc6 4. Bb5 Bb4 5. d3 Nd4 6. Bc4 b5 7. Bb3 a5 8. a3 Bxc3+ 9. bxc3 Nxf3+ 10. Qxf3 a4 11. Ba2 d6 12. 0-0 Be6 13. Qe2 0-0 14. Bg5 h6 15. Bh4 c6 16. Kh1 Re8 17. Bxe6 Rxe6 18. Rab1 Qa5 19. Qe1 Nd7 20. f3 Nf8 21. Qd2 Ng6 22. Bg3 Qd8 23. Rb4 d5 24. exd5 Qxd5 25. c4 Qd7 26. Rfb1 bxc4 27. Rxc4 Ne7 28. Rbb4 Nf5 29. Bf2 Nd6 30. Rxa4 Nxc4 31. Rxa8+ Kh7 32. Qc3 Qb7 33. Ra7 Qb1+ 34. Bg1 Ne3 35. Qc5 Nxg2 36. Kxg2 Rg6+ 37. Kh1 Qf1 38. Qf2 Rxg1+ 39. Qxg1 Qxf3+ 40. Qg2 Qd1+ 1/2-1/2

[Event "Gibraltar Masters 10th"]
[Site "Caleta"]
[Date "2012.01.31"]
[Round "8"]
[White "Jablon, Stephen Eric"]
[Black "Conflitti, Alessandro"]
[Result "0-1"]
[WhiteElo "1931"]
[BlackElo "1792"]
[PlyCount "70"]
[EventDate "2012.01.24"]
[EventType "swiss"]
[EventRounds "10"]
[EventCountry "GGB"]
[SourceTitle "CBM 147"]
[Source "ChessBase"]
[SourceDate "2012.03.16"]
[SourceVersion "1"]
[SourceVersionDate "2012.03.16"]
[SourceQuality "1"]

1. d4 Nf6 2. Nc3 g6 3. e4 d6 4. f3 Bg7 5. Bg5 0-0 6. Qd2 c6 7. Bc4 b5 8. Bxf6 Bxf6 9. Nxb5 cxb5 10. Bd5 Qb6 11. Bxa8 Bxd4 12. Ne2 Bf2+ 13. Kf1 Be3 14. Qd3 a5 15. Nc3 e6 16. a3 Nd7 17. b4 a4 18. Rd1 d5 19. exd5 Ne5 20. Qe4 Nc4 21. Ke2 f5 22. Qh4 Bd2 23. Nb1 Qe3+ 24. Kf1 Bxb4 25. axb4 a3 26. Qe1 a2 27. Nc3 Nd2+ 28. Qxd2 Qxd2 29. Rxd2 a1Q+ 30. Kf2 Qxh1 31. d6 Bd7 32. Kg3 Qa1 33. Nd5 exd5 34. Bxd5+ Kg7 35. Re2 Re8 0-1

[Event "Gibraltar Challengers-B 10th"]
[Site "Caleta"]
[Date "2012.01.29"]
[Round "2"]
[White "Jablon, Stephen Eric"]
[Black "Baeza Escudero, Javier"]
[Result "1-0"]
[WhiteElo "1931"]
[BlackElo "2054"]
[PlyCount "93"]
[EventDate "2012.01.28"]
[EventType "swiss"]
[EventRounds "5"]
[EventCountry "GGB"]
[SourceTitle "CBM 146 Extra"]
[Source "ChessBase"]
[SourceDate "2012.02.29"]
[SourceVersion "1"]
[SourceVersionDate "2012.02.29"]
[SourceQuality "1"]

1. d4 d5 2. Nc3 Nf6 3. Bg5 e6 4. e4 dxe4 5. Nxe4 Be7 6. Bxf6 Bxf6 7. Nf3 0-0 8. Qd2 b6 9. 0-0-0 Bb7 10. Qf4 Nd7 11. Bd3 Rc8 12. Nfg5 Bxe4 13. Nxe4 Qe7 14. Ba6 Rcd8 15. Qxc7 Qb4 16. Kb1 Be7 17. Rd3 f5 18. Ng3 Bf6 19. c3 Qa5 20. Bc4 Kh8 21. Bxe6 Nc5 22. Re3 f4 23. dxc5 fxe3 24. fxe3 Qa4 25. Bb3 Qe8 26. cxb6 axb6 27. Qxb6 Rd2 28. Qe6 Qb5 29. Qc4 Qe5 30. Ne4 Rxg2 31. Qd5 Qb8 32. Nd6 Qc7 33. Qxg2 Qxd6 34. Rd1 Qe5 35. Bc2 Rb8 36. Bb3 Qxe3 37. Qg3 Qb6 38. Rd6 Qb7 39. Qe1 Qf3 40. Qd1 Qf4 41. Bc2 Qxh2 42. Rd2 Qe5 43. Rd3 Qb5 44. Bb3 g6 45. Ka1 Rb7 46. Rd5 Qc6 47. Rd6 1-0

[Event "AUS-ch Major"]
[Site "Cammeray"]
[Date "2011.01.13"]
[Round "11"]
[White "Christensen, Joshua"]
[Black "Jablon, Stephen Eric"]
[Result "0-1"]
[WhiteElo "1841"]
[BlackElo "1985"]
[PlyCount "104"]
[EventDate "2011.01.02"]
[EventType "swiss"]
[EventRounds "11"]
[EventCountry "AUS"]
[SourceTitle "CBM 140 Extra"]
[Source "ChessBase"]
[SourceDate "2011.03.01"]
[SourceVersion "1"]
[SourceVersionDate "2011.03.01"]
[SourceQuality "1"]

1. d4 Nf6 2. c4 e5 3. dxe5 Ng4 4. Nf3 Nc6 5. Bf4 Bb4+ 6. Nbd2 Qe7 7. a3 Ngxe5 8. Nxe5 Nxe5 9. e3 Bc5 10. Be2 0-0 11. 0-0 a5 12. Nf3 Ng6 13. Bg3 f5 14. Qd5+ Kh8 15. Ne5 Nxe5 16. Qxe5 Qxe5 17. Bxe5 d6 18. Bc3 f4 19. exf4 Rxf4 20. Bf3 Bg4 21. Bxg4 Rxg4 22. Rae1 Bd4 23. Bxd4 Rxd4 24. Rc1 Re8 25. Rc2 Rde4 26. f3 Re2 27. Rxe2 Rxe2 28. Rf2 Re1+ 29. Rf1 Re3 30. Rd1 Re2 31. c5 Rxb2 32. cxd6 cxd6 33. Rxd6 Kg8 34. a4 Kf7 35. Rd1 Kf6 36. h3 h6 37. Kh2 g6 38. Kg3 b6 39. Rd6+ Kf5 40. h4 h5 41. Rd5+ Ke6 42. Rg5 Kf6 43. Rd5 Rb4 44. Rd6+ Kf5 45. Rd5+ Ke6 46. Rg5 Kf7 47. Rd5 Rxa4 48. Rd7+ Ke6 49. Rg7 Kf6 50. Rd7 Rb4 51. Rd6+ Kf7 52. f4 a4 0-1

[Event "AUS-ch Major"]
[Site "Cammeray"]
[Date "2011.01.12"]
[Round "10"]
[White "Jablon, Stephen Eric"]
[Black "Dibley, Shane"]
[Result "1-0"]
[WhiteElo "1985"]
[BlackElo "1571"]
[PlyCount "53"]
[EventDate "2011.01.02"]
[EventType "swiss"]
[EventRounds "11"]
[EventCountry "AUS"]
[SourceTitle "CBM 140 Extra"]
[Source "ChessBase"]
[SourceDate "2011.03.01"]
[SourceVersion "1"]
[SourceVersionDate "2011.03.01"]
[SourceQuality "1"]

1. d4 Nf6 2. c4 e6 3. Nc3 Bb4 4. Qc2 c5 5. a3 Qa5 6. axb4 Qxa1 7. bxc5 a6 8. e4 Nc6 9. Nf3 Nb4 10. Qd1 Na2 11. Nxa2 Qxa2 12. Bd3 0-0 13. Qc2 g6 14. Nh4 e5 15. dxe5 Ng4 16. f4 Qa5+ 17. Ke2 Qxc5 18. Kf3 d6 19. h3 Nxe5+ 20. fxe5 Qxe5 21. g4 Bd7 22. Bf4 Qc5 23. Qc3 f6 24. b4 Qc6 25. Rg1 g5 26. Nf5 gxf4 27. Ne7+ 1-0

[Event "Bratto op-A 28th"]
[Site "Bratto"]
[Date "2008.08.27"]
[Round "6"]
[White "Jablon, Stephen Eric"]
[Black "Salmoiraghi, Angelo"]
[Result "0-1"]
[WhiteElo "1994"]
[BlackElo "2106"]
[PlyCount "118"]
[EventDate "2008.08.22"]
[EventType "swiss"]
[EventRounds "9"]
[EventCountry "ITA"]
[SourceTitle "CBM 126 Extra"]
[Source "ChessBase"]
[SourceDate "2008.11.05"]
[SourceVersion "1"]
[SourceVersionDate "2008.11.05"]
[SourceQuality "1"]

1. e4 c5 2. b4 cxb4 3. a3 d5 4. exd5 Nf6 5. axb4 Qxd5 6. Nc3 Qe5+ 7. Be2 Nc6 8. Nf3 Qb8 9. b5 Nd8 10. Ba3 Bg4 11. d4 Qc7 12. Qd2 Rc8 13. Bb2 e6 14. h3 Bxf3 15. Bxf3 Bb4 16. Ra4 Bxc3 17. Bxc3 Qxc3 18. Bc6+ Rxc6 19. bxc6 Qxd2+ 20. Kxd2 Nxc6 21. Rb1 b6 22. c4 0-0 23. f3 Rd8 24. Kc3 Kf8 25. g4 Rd7 26. Rd1 g5 27. Ra2 Rc7 28. h4 h6 29. hxg5 hxg5 30. Rh1 Na5 31. Ra4 Nd5+ 32. Kd3 Nf4+ 33. Kc3 Nc6 34. Ra2 b5 35. cxb5 Nd5+ 36. Kb2 Nxd4 37. Rc1 Rxc1 38. Kxc1 Nxb5 39. Rc2 Ke7 40. Rc5 Nd4 41. Rc8 Nxf3 42. Ra8 Ne5 43. Rxa7+ Kf6 44. Kd2 Nxg4 45. Ke2 Ne5 46. Kf2 Kf5 47. Kg3 f6 48. Ra6 g4 49. Ra8 Nc3 50. Rf8 Ne4+ 51. Kg2 g3 52. Rh8 Ng4 53. Rh5+ Kf4 54. Rh4 f5 55. Rh8 Ne3+ 56. Kg1 Nd2 57. Rh4+ Kg5 58. Rh8 Nf3+ 59. Kh1 g2# 0-1

[Event "Bratto op-A 28th"]
[Site "Bratto"]
[Date "2008.08.26"]
[Round "5"]
[White "Cugini, Verter"]
[Black "Jablon, Stephen Eric"]
[Result "0-1"]
[WhiteElo "2167"]
[BlackElo "1994"]
[PlyCount "24"]
[EventDate "2008.08.22"]
[EventType "swiss"]
[EventRounds "9"]
[EventCountry "ITA"]
[SourceTitle "CBM 126 Extra"]
[Source "ChessBase"]
[SourceDate "2008.11.05"]
[SourceVersion "1"]
[SourceVersionDate "2008.11.05"]
[SourceQuality "1"]

1. e4 Nc6 2. g3 d5 3. exd5 Qxd5 4. Nf3 Bg4 5. Bg2 Ne5 6. Nc3 Nxf3+ 7. Kf1 Qf5 8. Ne2 Ng5 9. f4 e5 10. d4 exf4 11. Bxf4 0-0-0 12. Qd2 Ne6 0-1

[Event "Bratto op-A 28th"]
[Site "Bratto"]
[Date "2008.08.24"]
[Round "3"]
[White "Bonazzi, Edoardo"]
[Black "Jablon, Stephen Eric"]
[Result "1-0"]
[WhiteElo "2163"]
[BlackElo "1994"]
[PlyCount "95"]
[EventDate "2008.08.22"]
[EventType "swiss"]
[EventRounds "9"]
[EventCountry "ITA"]
[SourceTitle "CBM 126 Extra"]
[Source "ChessBase"]
[SourceDate "2008.11.05"]
[SourceVersion "1"]
[SourceVersionDate "2008.11.05"]
[SourceQuality "1"]

1. Nf3 Nc6 2. d4 d5 3. c4 Bg4 4. cxd5 Bxf3 5. dxc6 Bxc6 6. Nc3 Nf6 7. f3 e6 8. e4 Bb4 9. Be3 Nh5 10. a3 Bxc3+ 11. bxc3 f5 12. Bd3 fxe4 13. fxe4 Nf6 14. 0-0 0-0 15. e5 Nd5 16. Qh5 g6 17. Bxg6 hxg6 18. Qxg6+ Kh8 19. Qh6+ Kg8 20. Qxe6+ Kh8 21. Qh6+ Kg8 22. Qg6+ Kh8 23. Bg5 Rxf1+ 24. Rxf1 Qg8 25. Qh5+ Qh7 26. Bh6 Rg8 27. g3 Be8 28. Qh4 Qe7 29. Bg5+ Qh7 30. Bf6+ Nxf6 31. Qxf6+ Qg7 32. c4 Qxf6 33. Rxf6 Kg7 34. Kf2 Rf8 35. Rxf8 Kxf8 36. Ke3 Bf7 37. d5 c6 38. e6 Bg8 39. Kd4 cxd5 40. cxd5 b5 41. Kc5 Ke7 42. Kc6 Kf6 43. Kxb5 Bh7 44. Kc6 Bf5 45. h4 Bg4 46. Kd7 Ke5 47. Kd8 Kxd5 48. e7 1-0

[Event "Budapest FS07 FM"]
[Site "Budapest"]
[Date "2001.??.??"]
[Round "9"]
[White "Al Saleh, Mohammad"]
[Black "Jablon, Stephen Eric"]
[Result "0-1"]
[WhiteElo "2000"]
[BlackElo "2000"]
[PlyCount "62"]
[EventDate "2001.07.??"]
[EventType "tourn"]
[EventRounds "13"]
[EventCountry "HUN"]
[SourceTitle "EXT 2003"]
[Source "ChessBase"]
[SourceDate "2002.11.25"]
[SourceVersion "1"]
[SourceVersionDate "2002.11.25"]
[SourceQuality "1"]

1. e4 d5 2. Nc3 dxe4 3. Nxe4 Bf5 4. Ng3 Bg6 5. Nf3 Nd7 6. d4 e6 7. Bc4 Ngf6 8. h4 h6 9. Qe2 Be7 10. Bf4 Nb6 11. Bb3 Nbd5 12. Bd2 0-0 13. 0-0-0 c5 14. dxc5 Qc7 15. Ne5 Bh7 16. f4 Rfc8 17. c6 a5 18. Rhe1 bxc6 19. a3 Bd6 20. c4 Qb7 21. Bc2 Bxc2 22. Kxc2 Rab8 23. b4 axb4 24. cxd5 cxd5+ 25. Kd3 bxa3 26. Rb1 Qc7 27. Rec1 a2 28. Rxb8 Qxb8 29. Rxc8+ Qxc8 30. Bc3 Qxc3+ 31. Kxc3 a1Q+ 0-1

[Event "Budapest FS07 FM"]
[Site "Budapest"]
[Date "2001.??.??"]
[Round "11"]
[White "Coleman, James"]
[Black "Jablon, Stephen Eric"]
[Result "1-0"]
[WhiteElo "2125"]
[BlackElo "2000"]
[PlyCount "77"]
[EventDate "2001.07.??"]
[EventType "tourn"]
[EventRounds "13"]
[EventCountry "HUN"]
[SourceTitle "EXT 2006"]
[Source "ChessBase"]
[SourceDate "2005.11.24"]
[SourceVersion "1"]
[SourceVersionDate "2005.11.24"]
[SourceQuality "1"]

1. d4 Nf6 2. c4 e6 3. Nf3 c5 4. e3 d5 5. Nc3 Nc6 6. cxd5 Nxd5 7. e4 Nxc3 8. bxc3 cxd4 9. cxd4 Bb4+ 10. Bd2 Qa5 11. Be2 0-0 12. Bxb4 Qxb4+ 13. Qd2 Qxd2+ 14. Kxd2 Rd8 15. Ke3 b6 16. Rhd1 Bb7 17. Rac1 Rac8 18. a3 Ne7 19. Ne5 Rxc1 20. Rxc1 Rc8 21. Rxc8+ Nxc8 22. Bb5 Nd6 23. Bc6 Nc4+ 24. Nxc4 Bxc6 25. Nd6 Bd7 26. Kd3 Kf8 27. Kc4 a6 28. Kb4 Ke7 29. Nc4 b5 30. Ne5 Bc8 31. Kc5 f6 32. Nc6+ Kd7 33. Kb6 Kd6 34. e5+ Kd7 35. Na7 a5 36. Nxb5 fxe5 37. dxe5 Ke7 38. Nd6 Bd7 39. Kxa5 1-0

[Event "Budapest FS07 FM"]
[Site "Budapest"]
[Date "2001.??.??"]
[Round "12"]
[White "Dobos, Otto"]
[Black "Jablon, Stephen Eric"]
[Result "0-1"]
[WhiteElo "2035"]
[BlackElo "2000"]
[PlyCount "138"]
[EventDate "2001.07.??"]
[EventType "tourn"]
[EventRounds "13"]
[EventCountry "HUN"]
[SourceTitle "EXT 2006"]
[Source "ChessBase"]
[SourceDate "2005.11.24"]
[SourceVersion "1"]
[SourceVersionDate "2005.11.24"]
[SourceQuality "1"]

1. d4 Nf6 2. Nf3 c5 3. e3 d5 4. c3 e6 5. Bd3 Nc6 6. Nbd2 a6 7. a4 Be7 8. 0-0 0-0 9. Re1 Rb8 10. Qe2 c4 11. Bb1 b5 12. e4 b4 13. exd5 exd5 14. Ne5 Nxe5 15. dxe5 Ng4 16. h3 Nh6 17. Nf3 Nf5 18. Bxf5 Bxf5 19. Nd4 Bd3 20. Qg4 Qc8 21. Qg3 Bc5 22. Bh6 Bg6 23. Be3 bxc3 24. bxc3 Rb2 25. Bc1 Rb6 26. a5 Rb7 27. Be3 Qc7 28. f4 Rfb8 29. Kh2 Be4 30. Rf1 Re8 31. Qe1 Qe7 32. Nc6 Qf8 33. Bxc5 Qxc5 34. Nd4 Rb2 35. Rf2 Reb8 36. Qe3 R8b3 37. Rc1 Rxf2 38. Qxf2 Ra3 39. Qh4 Ra2 40. Rg1 Qxa5 41. Qe7 Qa3 42. Qd7 h6 43. e6 fxe6 44. Qxe6+ Kh7 45. f5 Qf8 46. Qg6+ Kg8 47. h4 Qf7 48. Qg4 Rf2 49. Qg3 Rxf5 50. Nxf5 Qxf5 51. Ra1 Qf6 52. Ra2 Qb6 53. Qf2 Qc7+ 54. Qg3 Qa7 55. Qd6 a5 56. Qd8+ Kf7 57. Rxa5 Qf2 58. Qd7+ Kg8 59. Qg4 h5 60. Ra8+ Kf7 61. Ra7+ Qxa7 62. Qxh5+ Ke6 63. Qg4+ Kf7 64. Qh5+ Kf6 65. Qg5+ Ke6 66. Qg4+ Kd6 67. Qf4+ Kc6 68. Qf8 Qc7+ 69. Kg1 Qd7 0-1

[Event "Budapest FS07 FM"]
[Site "Budapest"]
[Date "2001.??.??"]
[Round "13"]
[White "Jablon, Stephen Eric"]
[Black "Suranyi, Pal"]
[Result "0-1"]
[WhiteElo "2000"]
[BlackElo "2145"]
[PlyCount "88"]
[EventDate "2001.07.??"]
[EventType "tourn"]
[EventRounds "13"]
[EventCountry "HUN"]
[SourceTitle "EXT 2006"]
[Source "ChessBase"]
[SourceDate "2005.11.24"]
[SourceVersion "1"]
[SourceVersionDate "2005.11.24"]
[SourceQuality "1"]

1. d4 Nf6 2. Bg5 Ne4 3. Bf4 d5 4. f3 Nf6 5. e4 dxe4 6. Nc3 exf3 7. Nxf3 Bg4 8. Bc4 e6 9. h3 Bh5 10. g4 Bg6 11. Qe2 Bd6 12. Ne5 Bxe5 13. Bxe5 0-0 14. 0-0-0 c6 15. Qg2 Nbd7 16. h4 b5 17. h5 Bxc2 18. Kxc2 bxc4 19. g5 Nd5 20. Nxd5 cxd5 21. g6 Nxe5 22. gxh7+ Kh8 23. dxe5 Qd7 24. Rdg1 f6 25. h6 g5 26. exf6 Qxh7+ 27. Kc1 Rg8 28. Qe2 c3 29. bxc3 Rab8 30. Qc2 Qc7 31. h7 Rgc8 32. f7 Qf4+ 33. Kd1 Qxf7 34. Rf1 Qg7 35. Rf3 d4 36. Re1 dxc3 37. Rfe3 Rb2 38. Rxe6 Qd4+ 39. Kc1 Rxc2+ 40. Kxc2 Qd2+ 41. Kb3 Qb2+ 42. Ka4 Rc4+ 43. Ka5 Qxa2+ 44. Kb5 Qa4# 0-1

[Event "Budapest FS07 FM"]
[Site "Budapest"]
[Date "2001.??.??"]
[Round "1"]
[White "Toth, Gabor"]
[Black "Jablon, Stephen Eric"]
[Result "1/2-1/2"]
[WhiteElo "2000"]
[BlackElo "2000"]
[PlyCount "70"]
[EventDate "2001.07.??"]
[EventType "tourn"]
[EventRounds "13"]
[EventCountry "HUN"]
[SourceTitle "EXT 2003"]
[Source "ChessBase"]
[SourceDate "2002.11.25"]
[SourceVersion "1"]
[SourceVersionDate "2002.11.25"]
[SourceQuality "1"]

1. e4 d5 2. exd5 Nf6 3. d4 Nxd5 4. Nf3 Bg4 5. h3 Bh5 6. g4 Bg6 7. Ne5 Nd7 8. Nxg6 hxg6 9. Bg2 c6 10. c4 N5b6 11. Qe2 Qc7 12. Nc3 0-0-0 13. Be3 e5 14. d5 cxd5 15. Nxd5 Nxd5 16. cxd5 Bb4+ 17. Kf1 Kb8 18. a3 Qa5 19. Qc4 Bd6 20. b4 Qc7 21. Qb3 Rc8 22. Rc1 Qd8 23. Ke2 Qe7 24. Rc4 Rxc4 25. Qxc4 Nb6 26. Bxb6 axb6 27. Rc1 Qc7 28. Qxc7+ Bxc7 29. d6 Bxd6 30. Rd1 Rd8 31. Bd5 f6 32. Be4 g5 33. Rd3 Be7 34. Rxd8+ Bxd8 35. b5 Kc7 1/2-1/2